| 000 | 01237nam a22003017a 4500 | ||
|---|---|---|---|
| 003 | BD-DhSAU | ||
| 005 | 20200108111855.0 | ||
| 008 | 160718b2018 bg ||||| |||| 001 0 eng d | ||
| 040 | _aBD-DhSAU | ||
| 082 |
_222 _a581.35 _bAh519 |
||
| 100 |
_aUllah , Ahmad _eRegistration # 12-05108 |
||
| 245 |
_aComparison among Eight advanced populations for yield and yield contributing traits of Brassica rapa L. / _bMS thesis _cAhmad Ullah |
||
| 260 |
_aSher-e-Bangla Agricultural University: _bDepartment of Genetics and Plant Breeding, _c2018 |
||
| 300 |
_axi, 87 p. : _bill. ; _c30 cm. |
||
| 500 | _aMS thesis , Department of Genetics and Plant Breeding, Faculty of Agriculture, Sher-e-Bangla Agricultural University, Dhaka, Bangladesh | ||
| 504 | _aIncludes Bibliographical Reference | ||
| 590 | _aShofi | ||
| 650 |
_aGenetics and Plant Breeding _v. |
||
| 650 | _aComparison | ||
| 650 | _aEight advanced population | ||
| 650 | _a Yield | ||
| 650 | _aBrassica rapa L | ||
| 650 | _aGenotype | ||
| 700 |
_a Bhuiyan , Md. Shahidur Rashid _eSupervisor |
||
| 700 |
_a Hossain , Md. Sarowar _eCo-Supervisor |
||
| 856 |
_uhttp://archive.saulibrary.edu.bd:8080/xmlui/handle/123456789/2902 _yOnline Access |
||
| 942 |
_2ddc _cTHESIS |
||
| 999 |
_c14803 _d14802 |
||